The Low of defamation in Singapore and Malaysia

Bibliographic Details
Main Author: Evans, Keith R
Format: Book
Published: Singapore : Butterworths Asia , 1993
Edition:2nd edition
Subjects:

MARC

LEADER 00000cam a2200000 7i4500
001 0000002816
002 000003047
005 20000330.0
020 |a 0409996440 
090 0 0 |a 345.0256   |b EVA 
100 0 |a Evans, Keith R 
245 1 4 |a The Low of defamation in Singapore and Malaysia   |c Keith R.Evans 
250 |a 2nd edition 
260 |a Singapore :   |b Butterworths Asia ,   |c 1993 
300 |a 205p. ;   |c 25cm. 
650 0 0 |a Libel and slander   |z Singapore 
650 0 0 |a Privacy,right of   |z Malaysia 
999 |a 036420   |b BUKU   |c MALAYSIANA   |e PERPUSTAKAAN KOMUNITI PETALING JAYA